000 01308nam a2200313Ia 4500
005 20220317001611.0
008 161108s2009 sp a g 000 0 spa
020 _a9788425222900
082 0 4 _a741.5
_bW37d
100 1 _aWithrow, Steven
245 1 0 _aDiseño de personajes para novela gráfica
_cSteven Withrow y Alexander Danner ; traducción Blanca Hueso
250 _a1a. edición
300 _a191 páginas
_bilustraciones en color y blanco y negro
_c26 cm
500 _aIncluye datos biográficos del autor
500 _aIncluye índice alfabético y glosario
505 _aLa novela gráfica -- El personaje -- Elementos del diseño -- Estilos de diseño -- Apariencia y realidad -- El resto del reparto -- Conocer a tu público -- Métodos modernos
534 _tCharacter design for graphic novels
650 1 4 _2LEMB
_aDibujo
_xEnseñanza
_xLiteratura juvenil
650 1 4 _2LEMB
_aTiras cómicas, historietas, etc.
_xTécnica
650 1 4 _2LEMB
_aIlustración de libros
_xEnseñanza
700 1 _aDanner, Alexander
_969287
700 1 _aHueso, Blanca
_969288
942 _2ddc
_cBK
264 _aBarcelona
_bGustavo Gili
_c2009
336 _atexto
_btxt
_2rdacontent
337 _asin mediación
_bn
_2rdamedia
338 _avolumen
_bnc
_2rdacarrier
040 _aCO-BoRNBP
_bspa
_erda
_cCO-BoRNBP
999 _c7494
_d7494